Cargando...
Rastreeya vyavasta islamil ( islamic politics ) /
| Autor Principal: | |
|---|---|
| Formato: | Printed Book |
| LEADER | 00427nam a2200109Ia 4500 | ||
|---|---|---|---|
| 008 | 150527150527b xxu||||| |||| 00| 0 eng d | ||
| 082 | |a 320 | ||
| 100 | |a Abdul Kareem Usman | ||
| 245 | |c by Abdul Kareem Usman |a Rastreeya vyavasta islamil ( islamic politics ) / | ||
| 942 | |c BK | ||
| 999 | |c 169640 |d 169640 | ||
| 952 | |0 0 |1 0 |4 0 |6 320_000000000000000_ABD_R |7 0 |9 188261 |a ARA |b ARA |c ST1 |d 2015-05-27 |i 9506 |l 0 |o 320 ABD/R |p ARA009506 |r 2015-05-27 |w 2015-05-27 |y BK | ||